000 00591nam a2200181 i 4500
001 56192
003 ES-MaACL
005 20250929063121.0
007 t|
008 031006s1965 sp ||||1| spa d
100 1 _aDíaz Rubio, Manuel,
_d1908-1976
_944415
245 1 0 _aLecciones de patología y clínica médica
_b: sistema nervioso /
_cpor Manuel Díaz-Rubio.
260 _aMadrid :
_bMarbán,
_c[1965]
300 _a981 p., 39 lám. :
_bil. ;
_c25 cm.
650 0 4 _aSistema nervioso-
_xEnfermedades.
_917135
852 _aES-MaACL
_jC-28424
_bR.57518
999 _c56192
_d56192